| 000 | 00888nam a2200229 a 4500 | ||
|---|---|---|---|
| 001 | 000031008 | ||
| 003 | DO-SdBNP | ||
| 005 | 20250310105006.0 | ||
| 008 | 110609s2008 dr 000 0 spa d | ||
| 040 |
_aDO-SdBNP _bspa _cBNPHU |
||
| 049 | _aBNPD | ||
| 082 |
_axxxx _bP769n |
||
| 245 | 0 | 0 |
_aPolítica nacional de protección de niños, niñas y adolescentes en situación de orfandad y vulnerabilidad VIH/SIDA República Dominicana / _ceditora Paula Disla; prólogo Alberto Fiallo Billini. |
| 260 |
_aSanto Domingo, : _bCOPRESIDA, _c2008. |
||
| 300 |
_a72 p. ; _c26 cm. |
||
| 504 | _aBibliografías : p. 64-65 | ||
| 700 | 1 |
_aDisla, Paula _eed. _957511 |
|
| 700 | 1 |
_aFiallo Billini, Alberto E. _epról. _936391 |
|
| 710 | 2 |
_aConsejo Presidencial del SIDA (República Dominicana) _970981 |
|
| 710 | 2 |
_aConsejo Nacional para la Niñez (República Dominicana ) _942757 |
|
| 942 |
_2ddc _cLBS1 |
||
| 999 |
_c30500 _d30500 |
||